000
00328nam a2200121Ia 4500
008
220216s9999 xx 000 0 und d
100
_a
Narayanan P.K.
245
0
_a
Rubber producers' societies: Agents of change
260
_b
Rubber Board Bulletin
_c
1990
300
_a
25-29
650
_a
Rubber producers' society
942
_c
BS
999
_c
49700
_d
49700